Čo dokáže 3D tlač

Rozšírenie 3D tlače v sebe nesie fascináciu zhmotňovania myšlienok a vytvárania predmetov. 3D tlačiarne si začínajú raziť cestu medzi bežných ľudí. V priestore medzi hobby komunitou a využitím 3D tlače v špecializovanej priemyselnej výrobe sa etabluje skupina používateľov, ktorí s trojdimenzionálnou...

Description complète

Enregistré dans:
Détails bibliographiques
Auteur principal: Garaj, Patrik
Format: Chapitre de livre
Langue:slovaque
Sujets:
Tags: Ajouter un tag
Pas de tags, Soyez le premier à ajouter un tag!

MARC

LEADER 00000naa a2200000 4500
001 0205193
005 20231113103300.0
041 0 |a slo 
044 |a SK 
245 1 0 |a Čo dokáže 3D tlač  |c Patrik Garaj 
520 |a Rozšírenie 3D tlače v sebe nesie fascináciu zhmotňovania myšlienok a vytvárania predmetov. 3D tlačiarne si začínajú raziť cestu medzi bežných ľudí. V priestore medzi hobby komunitou a využitím 3D tlače v špecializovanej priemyselnej výrobe sa etabluje skupina používateľov, ktorí s trojdimenzionálnou tlačou pracujú koncepčne a dosahujú reálne výsledky. Tri príbehy, ktorých centrálnou myšlienkou je využitie 3D tlače. 
610 2 0 |a technológie nové 
610 2 0 |a tlačiarne 
610 2 0 |a pokrok 
610 2 0 |a podnikanie 
100 1 |a Garaj, Patrik